Movies Quiz

Random Movies or Cartoons Quiz

One-Word Pixar Quiz Stats

 Plays Quiz Updated Feb 17, 2018

Challenge
Share
Tweet
Embed
Score 0/6 Timer 01:00
11 Plays Today
% Correct
Cars
92.4%
Up
72.6%
Brave
51.9%
WALL-E
51.3%
Ratatouille
39.5%
Coco
32.3%

You're not logged in!

Compare scores with friends on all Sporcle quizzes.
OR
Log In

You Might Also Like...

Show Comments

Extras

Top Quizzes Today


Score Distribution

Your Account Isn't Verified!

In order to create a playlist on Sporcle, you need to verify the email address you used during registration. Go to your Sporcle Settings to finish the process.

Report this User

Report this user for behavior that violates our Community Guidelines.

Details: